000 00832cam a2200277 4500
001 4566847
003 ARRUPE
005 20131007165036.0
008 710331s1970 enk 001 0 eng
010 _a 73545382
015 _aB70-13002
020 _a0140421211
040 _aDLC
_cDLC
_dDLC
050 0 0 _aPR8851
_b.K4
100 1 _aKennelly, Brendan,
_ecomp.
_92181
245 1 4 _aThe Penguin book of Irish verse;
_cintroduced and edited by Brendan Kennelly.
260 _aHarmondsworth,
_bPenguin,
_c1970.
300 _a428 p.
_c18 cm.
350 _a10/-
490 0 _aPenguin poets
650 0 _aEnglish poetry
_xIrish authors.
_92182
650 0 _aIrish poetry
_xTranslations into English.
_92183
651 0 _aIreland
_vPoetry.
_92184
906 _a7
_bcbc
_corignew
_d3
_encip
_f19
_gy-gencatlg
942 _2lcc
_cMONOGRAPH
999 _c118265
_d118265